Online katalóg knižníc regiónu Turca

Útok nindžov (Record no. 7492)

MARC details
000 -LEADER
fixed length control field 01757nam a2200445 u 4500
001 - CONTROL NUMBER
control field 7492
005 - DATE AND TIME OF LATEST TRANSACTION
control field 20240112132044.0
008 - FIXED-LENGTH DATA ELEMENTS--GENERAL INFORMATION
fixed length control field 200104s2017 xo kab c 000 jdslo
020 ## - INTERNATIONAL STANDARD BOOK NUMBER
International Standard Book Number 9788056403785
Qualifying information (viazané)
040 ## - CATALOGING SOURCE
Original cataloging agency POKPOH
Language of cataloging slo
Transcribing agency POKPOH
Modifying agency SNK
Description conventions rda
041 1# - LANGUAGE CODE
Language code of text/sound track or separate title slo
Language code of original ger
044 ## - COUNTRY OF PUBLISHING/PRODUCING ENTITY CODE
MARC country code xo
ISO country code SK
072 #7 - SUBJECT CATEGORY CODE
Subject category code 821.112.2-3
Subject category code subdivision Nemecká próza, nemecky písaná
Source konspekt
072 #7 - SUBJECT CATEGORY CODE
Subject category code 821-93
Subject category code subdivision Literatúra pre deti a mládež (beletria)
Source konspekt
080 ## - UNIVERSAL DECIMAL CLASSIFICATION NUMBER
Universal Decimal Classification number 82-311.3
Edition identifier 2011
080 ## - UNIVERSAL DECIMAL CLASSIFICATION NUMBER
Universal Decimal Classification number 821.112.2(436)-32
Edition identifier 2011
080 ## - UNIVERSAL DECIMAL CLASSIFICATION NUMBER
Universal Decimal Classification number 821-322.4
Edition identifier 2011
080 ## - UNIVERSAL DECIMAL CLASSIFICATION NUMBER
Universal Decimal Classification number 82-93-053.2
Edition identifier 2011
080 ## - UNIVERSAL DECIMAL CLASSIFICATION NUMBER
Universal Decimal Classification number (0:82-322.4)
Edition identifier 2011
100 1# - MAIN ENTRY--PERSONAL NAME
Personal name Brezina, Thomas,
Dates associated with a name 1963-
Relationship aut
240 14 - UNIFORM TITLE
Uniform title Ein Fall für dich und das Tiger-Team: Die Nacht der Ninjas
Language of a work Slovensky
245 10 - TITLE STATEMENT
Title Útok nindžov
Remainder of title prípad pre teba a tigrí tím
Name of part/section of a work Tigrí tím
Statement of responsibility, etc. Thomas C. Brezina ; ilustrovala Naomi Fearnová ; z nemeckého originálu ... preložila Katarína Šmidtová
246 11 - VARYING FORM OF TITLE
Title proper/short title Prípad pre Teba a Tigrí tím
250 ## - EDITION STATEMENT
Edition statement Dotlač 1. vydania
260 ## - PUBLICATION, DISTRIBUTION, ETC.
Place of publication, distribution, etc. Bratislava
Name of publisher, distributor, etc. Fragment
Date of publication, distribution, etc. 2017
300 ## - PHYSICAL DESCRIPTION
Extent 128 strán
Other physical details formuláre, ilustrácie, mapy
Dimensions 19 cm
Accompanying material 1 plastová lupa
490 1# - SERIES STATEMENT
Series statement Tigrí tím
500 ## - GENERAL NOTE
General note Dotlač 1. vydania z roku 2013
500 ## - GENERAL NOTE
General note Vydalo vydavateľstvo Fragment v Bratislave v spoločnosti Albatros Media Slovakia
650 07 - SUBJECT ADDED ENTRY--TOPICAL TERM
Topical term or geographic name entry element dobrodružná literatúra
Source of heading or term SNKPH
650 07 - SUBJECT ADDED ENTRY--TOPICAL TERM
Topical term or geographic name entry element Adventure literature
Source of heading or term SNKPHeng
655 #7 - INDEX TERM--GENRE/FORM
Genre/form data or focus term rakúske príbehy
Source of term SNKPH
655 #7 - INDEX TERM--GENRE/FORM
Genre/form data or focus term detektívne príbehy
Source of term SNKPH
655 #7 - INDEX TERM--GENRE/FORM
Genre/form data or focus term publikácie pre deti
Source of term SNKPH
655 #7 - INDEX TERM--GENRE/FORM
Genre/form data or focus term Austrian stories
Source of term SNKPHeng
655 #7 - INDEX TERM--GENRE/FORM
Genre/form data or focus term Detective stories
Source of term SNKPHeng
655 #7 - INDEX TERM--GENRE/FORM
Genre/form data or focus term Children's literature
Source of term SNKPHeng
700 1# - ADDED ENTRY--PERSONAL NAME
Personal name Fearn, Naomi,
Dates associated with a name 1976-
Relationship ill
700 1# - ADDED ENTRY--PERSONAL NAME
Personal name Šmidtová, Katarína
Relationship trl
Holdings
Stav vyradenia Strata Poškodenie Spôsob nadobudnutia Domovská knižnica Aktuálna knižnica Dátum nadobudnutia Cena Prírastkové číslo Total checkouts Signatúra Čiarový kód exemplára Date last seen Typ exemplára Verejná poznámka
      Kúpa Obecná knižnica Príbovce Obecná knižnica Príbovce 16.02.2021 5.24 12210   12210 4730801310 16.02.2021 Krásna literatúra pre deti od 9 rokov
Projekt je podporený Slovenskou asociáciou knižníc
Prevádzkuje Turčianska knižnica Martin 2026